Subdivision capitals closest to Düsseldorf (DE) - Statistics

General Stats
  • This quiz has been taken 49 times
  • The average score is 7 of 20
Answer Stats
Distance (km) Answer % Correct
16 181 Amsterdam
87%
15 174 Bruxelles/Brussel
79%
18 185 Luxemburg/Lëtzebuerg/Luxembourg
67%
14 173 Mainz
62%
1 87 Maastricht
51%
4 106 Liège/Lüttich
49%
11 164 Wiesbaden
49%
19 194 's-Grevenhage/Den Haag
44%
12 165 Antwerpen
41%
6 149 Utrecht
41%
2 103 Arnhem
31%
7 150 Leuven
18%
9 158 Namur
18%
5 114 's-Hertogenbosch
18%
8 150 Zwolle
18%
20 195 Haarlem
15%
13 168 Lelystad
13%
3 106 Hasselt
8%
17 185 Arlon
3%
10 162 Wavre
3%
No matching quizzes found
Score Distribution
Percent of People with Each Score
Percentile by Number Answered
Your Score History
You have not taken this quiz